| 000 | 00423pab a2200145 454500 | ||
|---|---|---|---|
| 008 | 180718b1984 xxu||||| |||| 00| 0 eng d | ||
| 100 | _aHunt, Raymond G. | ||
| 245 |
_aCross - purposes in the federal contract procurement system _bMilitary R & D and beyond |
||
| 260 | _c1984 | ||
| 300 | _a247-56 | ||
| 362 | _aMay-June | ||
| 650 | _aContracts, Government - U.S.A. | ||
| 773 | _aPublic Administration Review | ||
| 909 | _a6605 | ||
| 999 |
_c6605 _d6605 |
||